[Event "Fide Mercenarios 54th"]
[Site "Mexico City"]
[Date "2001.03.20"]
[Round "7"]
[White "Bravo Marvan, Malaquias"]
[Black "Gongora Montes, Benjamin"]
[Result "1/2-1/2"]
[WhiteElo "2121"]
[BlackElo "2280"]
[PlyCount "126"]
[EventDate "2001.02.??"]
[EventType "tourn"]
[EventRounds "9"]
[EventCountry "MEX"]
[SourceTitle "EXT 2003"]
[Source "ChessBase"]
[SourceDate "2002.11.25"]
[SourceVersion "1"]
[SourceVersionDate "2002.11.25"]
[SourceQuality "1"]

1. Nf3 Nf6 2. g3 d5 3. Bg2 Bf5 4. 0-0 e6 5. d4 h6 6. Nbd2 Nbd7 7. b3 Ne4 8. Bb2 Be7 9. c4 0-0 10. Rc1 c6 11. Nxe4 Bxe4 12. Nd2 Bxg2 13. Kxg2 f5 14. e3 Nf6 15. f3 Bb4 16. Bc3 a5 17. Qc2 Qe7 18. Rce1 a4 19. c5 axb3 20. axb3 Bxc3 21. Qxc3 Ra2 22. Ra1 Rfa8 23. Rxa2 Rxa2 24. Ra1 Rxa1 25. Qxa1 Qc7 26. b4 Qb8 27. Nb3 Nd7 28. Qa4 e5 29. b5 exd4 30. exd4 Qe8 31. Kf2 Qh5 32. h4 f4 33. Qa8+ Kh7 34. Qxb7 fxg3+ 35. Kxg3 Qg6+ 36. Kf4 Qf6+ 37. Ke3 Qe7+ 38. Kd2 cxb5 39. Qxb5 Nf6 40. Qd3+ Kh8 41. Qf5 Qc7 42. Kd3 Qa7 43. Qc8+ Kh7 44. Qf5+ Kh8 45. Kc3 Qa4 46. Qc8+ Kh7 47. Qf5+ Kh8 48. Qc8+ Kh7 49. c6 Qc4+ 50. Kb2 Qe2+ 51. Ka3 Ne8 52. Qf5+ Kh8 53. Qxd5 Qa6+ 54. Kb4 Qb6+ 55. Qb5 Qd8 56. Qc5 Nc7 57. Kc4 Qf6 58. d5 Qf4+ 59. Qd4 Qxf3 60. Nc5 Qe2+ 61. Qd3 Qa2+ 62. Qb3 Qe2+ 63. Qd3 Qa2+ 1/2-1/2